Normal view
MARC view
- JOHN G. PROAKIS
Entry Personal Name
001 - CONTROL NUMBER
- control field: 2461
003 - CONTROL NUMBER IDENTIFIER
- control field: NUST
005 - DATE AND TIME OF LATEST TRANSACTION
- control field: 20170612132525.0
008 - FIXED-LENGTH DATA ELEMENTS
- fixed length control field: 170612|| aca||aabn | a|a d
040 ## - CATALOGING SOURCE
- Original cataloging agency: NUST
- Transcribing agency: NUST
100 ## - HEADING--PERSONAL NAME
- Personal name: JOHN G. PROAKIS
670 ## - SOURCE DATA FOUND
- Source citation: Work cat.: (NUST)23119: JOHN G. PROAKIS, COMMUNICATION SYSTEMS ENGINEERING, c2002
